| 000 | 00530nam a22001457a 4500 | ||
|---|---|---|---|
| 082 | _a BEE-5 HAS | ||
| 100 |
_aHassan Ali Shah _993077 |
||
| 245 | _a Modeling and simulation of doubly fed induction generator based wind energy conversion system | ||
| 260 |
_aIslamabad _bNUST School of Electrical Engineering and Computer Science _c2013 |
||
| 300 |
_a 35p. : _eCD-ROM |
||
| 500 | _a Supervisor: Dr. Syed Muhammad Raza Kazmi | ||
| 563 | _aHB | ||
| 856 | _uhttp://10.250.8.41:8080/xmlui/handle/123456789/8919 | ||
| 942 |
_cPR _2ddc |
||
| 999 |
_c12715 _d12715 |
||